000 00556cam a2200193Mi 4500
020 _a9789251064931
020 _a9251064938
040 _cNLGGC
082 _a363 FAO 2008 A016 Or.
110 2 _aJoint FAO/WHO Codex Alimentarius Commission.
245 1 0 _aProcedural manual /
246 3 _aCodex Alimentarius Commission procedural manual
250 _a19th ed.
260 _aRome [etc.] :
_bFAO [etc.],
_c2008.
300 _aIV, 183 p. ;
_c21 cm.
490 1 _aCodex alimentarius,
500 _aJoint FAO/WHO Food Standards Programme.
942 _cEK
999 _c11409
_d11409